Statistics for Country Name Etymologies Click Quiz: U, V, Y, & Z

Click here to take the quiz!

General Stats

  • This quiz has been taken 30 times
  • The average score is 11 of 14

Answer Stats

HintAnswer% Correct
Named for the Buganda peopleUganda
100%
Group of kingdomsUnited Kingdom
100%
LandUkraine
96%
Group of territories ruled by emirsUnited Arab Emirates
96%
City on Vatican HillVatican City
96%
Little VeniceVenezuela
92%
Viet of the SouthVietnam
92%
Right-hand sideYemen
83%
Group of statesUnited States
79%
Home of the FreeUzbekistan
75%
Land of the ZambeziZambia
67%
Bird riverUruguay
58%
House of stonesZimbabwe
58%
Our landVanuatu
50%

Score Distribution

Percentile by Number Answered

Percent of People with Each Score

Your Score History

You have not taken this quiz